La taghdab min eayilatik = (Record no. 191134)

MARC details
000 -LEADER
fixed length control field 01186nam a2200325 ia4500
005 - DATE AND TIME OF LATEST TRANSACTION
control field 20230116105149.0
008 - FIXED-LENGTH DATA ELEMENTS--GENERAL INFORMATION
fixed length control field 230115s2019 ua a|||b |||| 00| 1 ara d
020 ## - INTERNATIONAL STANDARD BOOK NUMBER
International Standard Book Number 9789776577985
Terms of availability RM29.90
Qualifying information paperback
040 ## - CATALOGING SOURCE
Original cataloging agency PPAK
Language of cataloging eng
Transcribing agency PPAK
Description conventions rda
041 1# - LANGUAGE CODE
Language code of text/sound track or separate title eng
Language code of original ara
082 04 - DEWEY DECIMAL CLASSIFICATION NUMBER
Edition number 23
Classification number 892.73
090 00 - LOCALLY ASSIGNED LC-TYPE CALL NUMBER (OCLC); LOCAL CALL NUMBER (RLIN)
Classification number (OCLC) (R) ; Classification number, CALL (RLIN) (NR) 892.73
Feature heading HAS
Feature heading K
100 1# - MAIN ENTRY--PERSONAL NAME
Personal name Hassan, Hala,
Relator term author.
245 10 - TITLE STATEMENT
Linkage 880-01
Title La taghdab min eayilatik =
Remainder of title Don't be angry with your family /
Statement of responsibility, etc. Hala Hassan
246 31 - VARYING FORM OF TITLE
Title proper/short title Don't be angry with your family
250 ## - EDITION STATEMENT
Edition statement First Edition
264 #1 - PRODUCTION, PUBLICATION, DISTRIBUTION, MANUFACTURE, AND COPYRIGHT NOTICE
Place of production, publication, distribution, manufacture Egypt :
Name of producer, publisher, distributor, manufacturer Arab Foundation Publishers and Distributors,
Date of production, publication, distribution, manufacture, or copyright notice [2019?]
300 ## - PHYSICAL DESCRIPTION
Extent 16 pages :
Other physical details color illustration ;
Dimensions 33 cm
336 ## - CONTENT TYPE
Content type term text
Source rdacontent
337 ## - MEDIA TYPE
Media type term unmediated
Source rdamedia
338 ## - CARRIER TYPE
Carrier type term volume
Source rdacarrier
490 1# - SERIES STATEMENT
Series statement MORAL STORIES FOR KIDS
546 ## - LANGUAGE NOTE
Language note Text in Arabic and English.
650 10 - SUBJECT ADDED ENTRY--TOPICAL TERM
Topical term or geographic name entry element Children's stories, Arabic
General subdivision Translation into English
Topical term or geographic name entry element Didactic fiction, Arabic
General subdivision Translation into English
Topical term or geographic name entry element Children's stories, English
General subdivision Translations from Arabic
830 #0 - SERIES ADDED ENTRY--UNIFORM TITLE
Uniform title Moral stories for kids
880 10 - ALTERNATE GRAPHIC REPRESENTATION
Linkage 245-01/(3/r
a لا تغضب من عائلتك
942 ## - ADDED ENTRY ELEMENTS (KOHA)
Source of classification or shelving scheme Dewey Decimal Classification
Koha item type Book
Holdings
Withdrawn Not for loan Current library Shelving location Date acquired Total Checkouts Full call number Barcode Date last seen Koha item type Total Renewals Checked out Date last checked out
    Perpustakaan Alor Setar Pinjaman Kanak-kanak 26/04/2023   K 892.73 HAS A01778034 26/04/2023 Book      
    Perpustakaan Awam Sungai Petani Pinjaman Kanak-kanak 26/04/2023   K 892.73 HAS A01778035 26/04/2023 Book      
    Perpustakaan Baling Pinjaman Kanak-kanak 26/04/2023   K 892.73 HAS A01778039 26/04/2023 Book      
    Perpustakaan Bandar Baharu Pinjaman Kanak-kanak 26/04/2023   K 892.73 HAS A01778040 26/04/2023 Book      
    Perpustakaan Jitra Pinjaman Kanak-kanak 26/04/2023   K 892.73 HAS A01778036 26/04/2023 Book      
    Perpustakaan Kuala Nerang Pinjaman Kanak-kanak 26/04/2023   K 892.73 HAS A01778044 26/04/2023 Book      
    Perpustakaan Kulim Pinjaman Kanak-kanak 26/04/2023 2 K 892.73 HAS A01778038 31/03/2026 Book 1 21/04/2026 31/03/2026
    Perpustakaan Langkawi Pinjaman Kanak-kanak 26/04/2023   K 892.73 HAS A01778037 26/04/2023 Book      
    Perpustakaan Merbok Pinjaman Kanak-kanak 26/04/2023   K 892.73 HAS A01778041 26/04/2023 Book      
    Perpustakaan Pendang Pinjaman Kanak-kanak 26/04/2023   K 892.73 HAS A01778045 26/04/2023 Book      
    Perpustakaan Sik Pinjaman Kanak-kanak 26/04/2023   K 892.73 HAS A01778043 26/04/2023 Book      
    Perpustakaan Yan Pinjaman Kanak-kanak 26/04/2023 3 K 892.73 HAS A01778042 29/10/2025 Book     12/10/2025
    PD06, Kg. Kepala Bukit, Pendang Pinjaman Kanak-kanak 26/04/2023   K 892.73 HAS A01778046 26/04/2023 Book